00718nam a2200193 a 450000100100000000500170001000800410002702000150006804000250008308200150010810000310012324500920015426000820024630000210032850000330034904900090038295201180039199900150050900000539120200929151649.0090819s1984 sp 001 0 spa d a8400058151 aDO-SdBNPbspacBNPHU axxxxbO75n1 aOrringer, Nelson R.91530010aNuevas fuentes germánicas de ¿qué es filosofía? de Ortega /cNelson R. Orringer. aMadrid, España :bConsejo Superior de Investigaciones Científicas,c1984. a147 p. ;c21 cm. aIncluye índice analítico aBNPD 001054708MOaGRbGRcHDd2009-08-19iLF1l0oxxxx O75np5391-10r2020-06-25w2020-06-25y4ZPréstamo en sala c5191d5191